Особливості планування садиб на південному Поліссі та Волині в період XIX – початку XX ст. (Запис № 578872)

МАРК-запис
000 -Лідер
fixed length control field 00852naa a2200205 4500
001 - Контрольний номер
control field 2162214035926007
003 - Ідентифікатор контрольного номера
control field UA-OsUOA
005 - Дата та час останнього входження (трансакції)
control field 20250528125921.0
008 - Елементи даних фіксованої довжини – загальна інформація
fixed length control field 250528b un ||||| |||| 00| 0 ukr d
040 ## - Джерело каталогізації
Агенція оригінальної каталогізації UA-OsUOA
Мова каталогізації ukr
Агенція, яка здійснювала перезапис UA-OsUOA
Агенція, яка здійснювала модифікацію UA-OsUOA
041 ## - Код мови
Код мови тексту/ звукової доріжки чи окремого заголовка (П) ukr
080 ## - Індекс Універсальної десяткової класифікації
Індекс Універсальної десяткової класифікації (УДК) (НП) 908
090 ## - Локальний шифр розміщення
Класифікаційний індекс УДК 908
100 ## - Основне введення – ім’я особи
Ім’я особи (НП) Свирида Р.
9 (RLIN) 20603
245 ## - Відомості про назву
Назва (НП) Особливості планування садиб на південному Поліссі та Волині в період XIX – початку XX ст.
Дані про відповідальність (НП) Р. Свирида
300 ## - Фізичний опис
Обсяг С. 219–222
650 ## - Додаткове предметне введення – тематичний термін
Джерело заголовка чи терміна UDC
773 0# - Введення хост-одиниці (П)
Бібліонома 573184
Host Itemnumber 467203
Заголовок основного введення Міністерство освіти і науки, молоді та спорту України
Місце, видавець та дата видання (НП) Рівне ПП ДМ 2012
Інший ідентифікатор одиниці опису 164888
Назва (НП) Архітектурна спадщина Волині
Міжнародний стандартний книжковий номер (ISBN) 9786175150863
942 ## - Додаткові елементи входу (Коха)
Source of classification or shelving scheme Universal Decimal Classification
Тип елемента Koha Складова частина документа

Немає доступних примірників.